Official GRE quantitative reasoning practice questions / (Record no. 131516)
[ view plain ]
| 000 -LEADER | |
|---|---|
| fixed length control field | 01630cas a2200385 i 4500 |
| 001 - CONTROL NUMBER | |
| control field | 18024919 |
| 003 - CONTROL NUMBER IDENTIFIER | |
| control field | ARRUPE |
| 005 - DATE AND TIME OF LATEST TRANSACTION | |
| control field | 20221108161326.0 |
| 008 - FIXED-LENGTH DATA ELEMENTS--GENERAL INFORMATION | |
| fixed length control field | 140130c20149999nyuuu 0 a0eng |
| 010 ## - LIBRARY OF CONGRESS CONTROL NUMBER | |
| LC control number | 2015219026 |
| Canceled/invalid LC control number | 2014932104 |
| 022 0# - INTERNATIONAL STANDARD SERIAL NUMBER | |
| International Standard Serial Number | 2381-7623 |
| Source | 1 |
| 035 ## - SYSTEM CONTROL NUMBER | |
| System control number | (OCoLC)ocn927151644 |
| 037 ## - SOURCE OF ACQUISITION | |
| Source of stock number/acquisition | McGraw Hill Education, 303 E. Wacker Dr., Ste. 2000, Chicago IL 60601 |
| 040 ## - CATALOGING SOURCE | |
| Original cataloging agency | DLC |
| Language of cataloging | eng |
| Transcribing agency | DLC |
| Modifying agency | DLC |
| -- | OCLCO |
| -- | DLC |
| -- | OCLCQ |
| -- | IUL |
| -- | ZQP |
| -- | OCLCO |
| -- | IGA |
| -- | GUA |
| -- | OCLCF |
| -- | NJT |
| -- | OCLCO |
| 042 ## - AUTHENTICATION CODE | |
| Authentication code | pcc |
| -- | nsdp |
| 050 00 - LIBRARY OF CONGRESS CALL NUMBER | |
| Classification number | QA43 |
| Item number | .O293 |
| 082 10 - DEWEY DECIMAL CLASSIFICATION NUMBER | |
| Classification number | 378 |
| Edition number | 14 |
| 300 ## - PHYSICAL DESCRIPTION | |
| Other physical details | illustrations ; |
| Dimensions | 28 cm |
| 222 #0 - KEY TITLE | |
| Key title | Official GRE quantitative reasoning practice questions |
| 245 00 - TITLE STATEMENT | |
| Title | Official GRE quantitative reasoning practice questions / |
| Statement of responsibility, etc | ETS. |
| 246 1# - VARYING FORM OF TITLE | |
| Title proper/short title | Official Graduate Record Examination quantitative reasoning practice questions |
| 300 ## - PHYSICAL DESCRIPTION | |
| Extent | volumes : |
| 650 #0 - SUBJECT ADDED ENTRY--TOPICAL TERM | |
| Topical term or geographic name as entry element | Mathematics |
| General subdivision | Examinations |
| Form subdivision | Study guides. |
| 9 (RLIN) | 51835 |
| 650 #0 - SUBJECT ADDED ENTRY--TOPICAL TERM | |
| Topical term or geographic name as entry element | Quantitative research |
| General subdivision | Examinations |
| Form subdivision | Study guides. |
| 9 (RLIN) | 51836 |
| 650 #0 - SUBJECT ADDED ENTRY--TOPICAL TERM | |
| Topical term or geographic name as entry element | Graduate Record Examination |
| Form subdivision | Study guides. |
| 9 (RLIN) | 51825 |
| 650 #7 - SUBJECT ADDED ENTRY--TOPICAL TERM | |
| Topical term or geographic name as entry element | STUDY AIDS. |
| Source of heading or term | bisacsh |
| 9 (RLIN) | 51837 |
| 650 #7 - SUBJECT ADDED ENTRY--TOPICAL TERM | |
| Topical term or geographic name as entry element | Graduate Record Examination. |
| Source of heading or term | fast |
| 9 (RLIN) | 51829 |
| 650 #7 - SUBJECT ADDED ENTRY--TOPICAL TERM | |
| Topical term or geographic name as entry element | Mathematics |
| General subdivision | Examinations. |
| Source of heading or term | fast |
| 9 (RLIN) | 51838 |
| 655 #7 - INDEX TERM--GENRE/FORM | |
| Genre/form data or focus term | Study guides. |
| Source of term | fast |
| 9 (RLIN) | 50165 |
| 655 #7 - INDEX TERM--GENRE/FORM | |
| Genre/form data or focus term | Study guides. |
| Source of term | lcgft |
| 9 (RLIN) | 50165 |
| 710 2# - ADDED ENTRY--CORPORATE NAME | |
| Corporate name or jurisdiction name as entry element | Educational Testing Service. |
| 9 (RLIN) | 51832 |
| 906 ## - LOCAL DATA ELEMENT F, LDF (RLIN) | |
| a | 7 |
| b | cbc |
| c | serorig |
| d | 2 |
| e | ncip |
| f | 20 |
| g | n-oclcserc |
| 942 ## - ADDED ENTRY ELEMENTS (KOHA) | |
| Source of classification or shelving scheme | Library of Congress Classification |
| Koha item type | Monograph ( Printed materials) |
| Withdrawn status | Lost status | Source of classification or shelving scheme | Damaged status | Not for loan | Collection code | Home library | Current library | Shelving location | Date acquired | Total Checkouts | Full call number | Barcode | Date last seen | Date checked out | Price effective from | Koha item type |
|---|---|---|---|---|---|---|---|---|---|---|---|---|---|---|---|---|
| Library of Congress Classification | Main Collection | ARRUPE LIBRARY | ARRUPE LIBRARY | Main Collection | 08/11/2022 | 1 | QA43 .O293 | 46700000057 | 11/08/2023 | 12/12/2022 | 08/11/2022 | Monograph ( Printed materials) |